Intermediate Grammar, Usage and Composition (Record no. 956)
[ view plain ]
| 000 -LEADER | |
|---|---|
| fixed length control field | 00345nam a2200145Ia 4500 |
| 008 - FIXED-LENGTH DATA ELEMENTS--GENERAL INFORMATION | |
| fixed length control field | 191201s2004 xx 000 0 und d |
| 082 ## - DEWEY DECIMAL CLASSIFICATION NUMBER | |
| Classification number | 429 |
| Item number | TII |
| 100 ## - MAIN ENTRY--PERSONAL NAME | |
| Personal name | TICKOO, M L |
| 245 #0 - TITLE STATEMENT | |
| Title | Intermediate Grammar, Usage and Composition |
| 250 ## - EDITION STATEMENT | |
| Edition statement | 1st |
| 260 ## - PUBLICATION, DISTRIBUTION, ETC. (IMPRINT) | |
| Place of publication, distribution, etc | N.Delhi |
| Name of publisher, distributor, etc | Orient L |
| Date of publication, distribution, etc | 2004 |
| 300 ## - PHYSICAL DESCRIPTION | |
| Extent | 331 |
| 650 ## - SUBJECT ADDED ENTRY--TOPICAL TERM | |
| Topical term or geographic name as entry element | Applied |
| 942 ## - ADDED ENTRY ELEMENTS (KOHA) | |
| Source of classification or shelving scheme | Dewey Decimal Classification |
| Koha item type | Text Books |
| Withdrawn status | Lost status | Source of classification or shelving scheme | Damaged status | Not for loan | Collection code | Home library | Current library | Date acquired | Source of acquisition | Cost, normal purchase price | Bill Number | Total Checkouts | Full call number | Acc. no. / Barcode | Date last seen | Bill Date | Koha item type |
|---|---|---|---|---|---|---|---|---|---|---|---|---|---|---|---|---|---|
| Dewey Decimal Classification | Applied Sc. | PIET C-LIBRARY | PIET C-LIBRARY | 09/08/2005 | UDH, Delhi | 100.00 | CM 4732 | 429 TII | 855 | 04/12/2019 | 22/08/2005 | Text Books | |||||
| Dewey Decimal Classification | Applied Sc. | PIET C-LIBRARY | PIET C-LIBRARY | 09/08/2005 | UDH, Delhi | 100.00 | CM 4732 | 429 TII | 856 | 04/12/2019 | 22/08/2005 | Text Books | |||||
| Dewey Decimal Classification | Applied Sc. | PIET C-LIBRARY | PIET C-LIBRARY | 09/08/2005 | UDH, Delhi | 100.00 | CM 4732 | 429 TII | 857 | 04/12/2019 | 22/08/2005 | Text Books | |||||
| Dewey Decimal Classification | Applied Sc. | PIET C-LIBRARY | PIET C-LIBRARY | 09/08/2005 | UDH, Delhi | 100.00 | CM 4732 | 429 TII | 858 | 04/12/2019 | 22/08/2005 | Text Books | |||||
| Dewey Decimal Classification | Applied Sc. | PIET C-LIBRARY | PIET C-LIBRARY | 09/08/2005 | UDH, Delhi | 100.00 | CM 4732 | 429 TII | 859 | 04/12/2019 | 22/08/2005 | Text Books |